| 000 | 00890nam a22001937a 4500 | ||
|---|---|---|---|
| 003 | OSt | ||
| 005 | 20260202005720.0 | ||
| 008 | 260202b |||||||| |||| 00| 0 eng d | ||
| 040 |
_aDWCL GS library _cOC |
||
| 082 | _aFic. C591f 1991 | ||
| 100 | _aClements, Andrew | ||
| 245 |
_afrindle _cClements, Andrew |
||
| 260 |
_aNew York _bAladdin Paperbacks _cc1996 |
||
| 300 |
_a105 _bBlack & White illustrations _c20cm |
||
| 520 | _aOf all Nick's ideas, the frindle is his most successful. What's a frindle? It's a pen, or what used to be called a pen before Nick began his brilliant campaign. Soon much of the nation is crazy about frindles--except for Mrs. Granger, Nick's teacher, who, although she doesn't realize it, was the inspiration for the idea. | ||
| 546 | _aEnglish | ||
| 700 | _aAndrew Clements | ||
| 942 |
_2ddc _cFIC. _hFic. C591f 1991 _n0 |
||
| 999 |
_c8074 _d8074 |
||